[Event "C.to Provinciale BG"]
[Site "Bergamo ITA"]
[Date "2004.10.15"]
[Round "2"]
[White "Stefanelli, Alfredo"]
[Black "Riggio, Mauro"]
[Result "1-0"]
[WhiteElo "1772"]
[BlackElo "1829"]
[PlyCount "63"]
[EventDate "2004.10.08"]

1. d4 Nf6 2. c4 e6 3. Nc3 Bb4 4. a3 Bxc3+ 5. bxc3 O-O 6. Nf3 Re8 7. e3 b6 8.
Bd3 Bb7 9. O-O d5 10. cxd5 exd5 11. Re1 Nbd7 12. a4 c5 13. Rb1 c4 14. Bf5 Bc6
15. Ba3 Qc7 16. Qc2 g6 17. Bh3 Rab8 18. Rb2 Rb7 19. Reb1 a5 20. Ra2 Ne4 21. Nd2
Bxa4 22. Qxa4 Nxd2 23. Rxd2 f5 24. g3 Nf6 25. Bg2 Reb8 26. Qb5 Ne4 27. Qxd5+
Qf7 28. Bxe4 fxe4 29. Qxf7+ Kxf7 30. Rdb2 Ke6 31. Rb5 Kf6 32. Bd6 1-0

[Event "C.to Provinciale BG"]
[Site "Bergamo ITA"]
[Date "2004.10.15"]
[Round "2"]
[White "Testa, Luigi"]
[Black "Pezzotta, Gianfranco"]
[Result "0-1"]
[WhiteElo "1548"]
[BlackElo "1580"]
[PlyCount "166"]
[EventDate "2004.10.08"]

1. e4 c5 2. Nf3 Nc6 3. Bc4 g6 4. O-O Bg7 5. Ng5 Ne5 6. Be2 d6 7. f4 Nc6 8. c3
e6 9. d3 Nge7 10. Qb3 O-O 11. Nd2 a6 12. Nc4 b5 13. Nd2 Qb6 14. Kh1 a5 15. Bg4
a4 16. Qd1 f5 17. exf5 exf5 18. Bf3 h6 19. Nh3 Bb7 20. Qe1 Rae8 21. a3 d5 22.
Qg3 Na5 23. Rb1 d4 24. c4 b4 25. Bxb7 Qxb7 26. Ng1 Nb3 27. Nxb3 axb3 28. axb4
Qxb4 29. Nf3 Kh7 30. Bd2 Qb6 31. h3 Bf6 32. Rfe1 Nc6 33. Rxe8 Rxe8 34. Re1
Rxe1+ 35. Qxe1 Qc7 36. Qe6 Kg7 37. Kh2 Nd8 38. Qe1 Nf7 39. g3 Qc6 40. Qd1 Qe6
41. Bc1 Qb6 42. Nd2 g5 43. Nxb3 Kg6 44. Nd2 h5 45. b3 g4 46. hxg4 hxg4 47. Nb1
Qb8 48. Kg2 Qa8+ 49. Kg1 Nd8 50. Na3 Nc6 51. Nb5 Nb4 52. Ba3 Qc6 53. Bxb4 cxb4
54. Na7 Qb7 55. Nb5 Qc6 56. Qe2 Kh5 57. Qg2 Qe6 58. Qf2 Qa6 59. Nc7 Qa1+ 60.
Qf1 Qb2 61. Qd1 Qa3 62. Nd5 Kg6 63. Qc2 Qa8 64. Kg2 Qh8 65. Kg1 Qe8 66. Qd2 Be7
67. Kf2 Kf7 68. Qe2 Bc5 69. Qa2 Qe6 70. Qd2 Qh6 71. Qe1 Qh2+ 72. Kf1 Qh1+ 73.
Ke2 Qf3+ 74. Kd2 Qg2+ 75. Kc1 Qa2 76. Qd2 Qxb3 77. Qc2 Qa3+ 78. Qb2 Qxd3 79.
Nxb4 Qf1+ 80. Kd2 Qf2+ 81. Kc1 Qxb2+ 82. Kxb2 Bxb4 83. Kc2 Ke6 0-1

[Event "C.to Provinciale BG"]
[Site "Bergamo ITA"]
[Date "2004.10.15"]
[Round "2"]
[White "Villa, Claudio"]
[Black "Mangili, Riccardo"]
[Result "1/2-1/2"]
[WhiteElo "1819"]
[BlackElo "1599"]
[PlyCount "64"]
[EventDate "2004.10.08"]

1. b3 e5 2. Bb2 Nc6 3. c4 Nf6 4. Nc3 g6 5. e4 Bg7 6. Nf3 d6 7. d4 exd4 8. Nxd4
Bd7 9. Nxc6 Bxc6 10. Qc2 O-O 11. O-O-O Qe8 12. Bd3 Nd7 13. Nd5 Bxb2+ 14. Qxb2
Bxd5 15. exd5 Qe5 16. Rd2 Rae8 17. g3 Qxb2+ 18. Kxb2 Re5 19. b4 Rfe8 20. Rc1 b6
21. Rc3 a5 22. bxa5 bxa5 23. Rb3 Nc5 24. Rb5 Ra8 25. Kc3 Kf8 26. Kd4 Re1 27. h4
Ke7 28. Bc2 f5 29. h5 Kf6 30. hxg6 hxg6 31. Rb1 Rae8 32. Rb5 Ra8 1/2-1/2

[Event "C.to Provinciale BG"]
[Site "Bergamo ITA"]
[Date "2004.10.22"]
[Round "3"]
[White "Bertoletti, Vincenzo"]
[Black "Testa, Luigi"]
[Result "0-1"]
[WhiteElo "1508"]
[BlackElo "1548"]
[PlyCount "77"]
[EventDate "2004.10.08"]

1. d4 d5 2. Nc3 Nf6 3. e4 dxe4 4. f3 exf3 5. Nxf3 e6 6. Bg5 Be7 7. Bd3 h6 8.
Bh4 O-O 9. O-O c6 10. Ne2 Nbd7 11. c3 Ng4 12. Bxe7 Qxe7 13. Rc1 Ne3 14. Qd2
Nxf1 15. Rxf1 b6 16. Bb1 Bb7 17. Nf4 c5 18. d5 exd5 19. Nxd5 Bxd5 20. Qxd5 Nf6
21. Qf5 Qe6 22. Qc2 Rad8 23. Re1 Qd6 24. Kh1 Rfe8 25. Rf1 Qe6 26. h3 Qe2 27.
Qc1 Qe3 28. Qc2 Qf4 29. Nh2 Qe4 30. Qf2 Qe3 31. Qc2 Ne4 32. Ng4 Ng3+ 33. Kh2
Nxf1+ 34. Kh1 Qg3 35. Qh7+ Kf8 36. Qh8+ Ke7 37. Qxg7 Rd6 38. Bc2 Qh2+ 39. Nxh2
0-1

[Event "C.to Provinciale BG"]
[Site "Bergamo ITA"]
[Date "2004.10.22"]
[Round "3"]
[White "Biava, Pierluigi"]
[Black "Elitropi, Giorgio"]
[Result "1/2-1/2"]
[WhiteElo "1679"]
[BlackElo "1870"]
[PlyCount "98"]
[EventDate "2004.10.08"]

1. d4 Nf6 2. Bg5 c5 3. Bxf6 gxf6 4. e3 Qb6 5. b3 cxd4 6. Qxd4 Qxd4 7. exd4 Nc6
8. Nf3 Bg7 9. Na3 O-O 10. Bc4 a6 11. c3 d6 12. O-O Bd7 13. Rfe1 b5 14. Bf1 f5
15. Nc2 e5 16. Rad1 e4 17. Nh4 Bf6 18. g3 d5 19. Ng2 Na5 20. Nce3 Be6 21. Nf4
Rfd8 22. Bh3 Rac8 23. Ne2 Bg5 24. Nxf5 Kf8 25. Kg2 Nc6 26. f4 exf3+ 27. Kxf3
Rc7 28. g4 h5 29. Rd3 b4 30. gxh5 Ne7 31. Rg1 Bf6 32. Kf4 bxc3 33. Rxc3 Rxc3
34. Nxc3 Nxf5 35. Bxf5 Bxd4 36. Rg3 Ba7 37. Rh3 Bb8+ 38. Kg5 d4 39. Bxe6 fxe6
40. Ne4 Kg8 41. Kg6 d3 42. h6 d2 43. h7+ Kh8 44. Ng5 Rd7 45. Rd3 Rg7+ 46. Kf6
Be5+ 47. Kxe5 Rxg5+ 48. Kxe6 Rg2 49. Kf7 Rxh2 1/2-1/2

[Event "C.to Provinciale BG"]
[Site "Bergamo ITA"]
[Date "2004.10.22"]
[Round "3"]
[White "Cammarota, Vittorio"]
[Black "Villa, Claudio"]
[Result "0-1"]
[WhiteElo "1658"]
[BlackElo "1819"]
[PlyCount "64"]
[EventDate "2004.10.08"]

1. Nf3 d5 2. d4 Nf6 3. e3 Bg4 4. c4 e6 5. Qb3 b6 6. Nc3 Bxf3 7. gxf3 g6 8. Bd2
Bg7 9. cxd5 exd5 10. Qa3 Bf8 11. Qb3 Bg7 12. Bd3 O-O 13. Qc2 Nc6 14. a3 Re8 15.
O-O Ne7 16. b4 Qd7 17. Rac1 a6 18. Ne2 Ra7 19. Ng3 h5 20. Rfe1 h4 21. Nf1 Qh3
22. Qd1 g5 23. e4 dxe4 24. Bxe4 Nxe4 25. Rxe4 f5 26. Qb3+ Kf8 27. Re3 Bxd4 28.
Rd3 c5 29. Bxg5 Ng6 30. Bh6+ Bg7 31. Bxg7+ Rxg7 32. Ng3 Nf4 0-1

[Event "C.to Provinciale BG"]
[Site "Bergamo ITA"]
[Date "2004.10.22"]
[Round "3"]
[White "Cattaneo, Dario"]
[Black "Impellizzeri, Francesco"]
[Result "1-0"]
[WhiteElo "1556"]
[BlackElo "1658"]
[PlyCount "91"]
[EventDate "2004.10.08"]

1. d4 Nf6 2. Nf3 g6 3. Bg5 Bg7 4. Nbd2 d5 5. e3 O-O 6. Be2 c5 7. c3 cxd4 8.
exd4 Nc6 9. O-O Bf5 10. Re1 h6 11. Bh4 g5 12. Bg3 Nd7 13. Bb5 e6 14. Bxc6 bxc6
15. Nf1 Re8 16. Ne3 Bg6 17. Ng4 f6 18. h3 Nf8 19. Re3 h5 20. Ngh2 h4 21. Nxh4
gxh4 22. Bxh4 Rb8 23. Qe2 Qd7 24. Ng4 Qf7 25. Qd2 Bh5 26. Rg3 Bxg4 27. Rxg4 f5
28. Rg3 Qh5 29. Bf6 Rb7 30. Rg5 Qh7 31. b4 Ng6 32. Be5 Bh6 33. Rxg6+ Qxg6 34.
Qd3 Rh7 35. Re1 Bg7 36. Bf4 Bf6 37. Re3 Qh5 38. Qa6 Bg5 39. Bxg5 Qxg5 40. Rg3
Qxg3 41. fxg3 Rc7 42. Qe2 a5 43. bxa5 Ra7 44. a6 Kf7 45. Qh5+ Ke7 46. Qh7+ 1-0

[Event "C.to Provinciale BG"]
[Site "Bergamo ITA"]
[Date "2004.10.22"]
[Round "3"]
[White "Fiorona, Gianpietro"]
[Black "Elsido, Massimo"]
[Result "0-1"]
[WhiteElo "1658"]
[BlackElo "1667"]
[PlyCount "140"]
[EventDate "2004.10.08"]

1. e4 e5 2. f4 exf4 3. Bc4 d6 4. d4 Qh4+ 5. Kf1 Nf6 6. Nf3 Bg4 7. Nc3 Nc6 8.
Nxh4 Bxd1 9. Nxd1 Nxd4 10. Bd3 Be7 11. Nf3 Nxf3 12. gxf3 g5 13. Rg1 Nd7 14. Nf2
O-O-O 15. Bd2 Ne5 16. Be2 d5 17. exd5 Rxd5 18. Bc3 f6 19. Nd3 Nc4 20. Ke1 Ne3
21. Rc1 Re8 22. Kf2 c5 23. b4 cxb4 24. Bb2 Nc4 25. Ba1 Bd8 26. Nxb4 Rd2 27.
Rge1 Bb6+ 28. Kg2 Rdxe2+ 29. Rxe2 Rxe2+ 30. Kh3 Ne5 31. Bxe5 fxe5 32. Kg4 Rxh2
33. Kxg5 h5 34. Kf5 h4 35. Kxe5 Be3 36. Rd1 h3 37. Nd5 Rxc2 38. Nxf4 h2 39. Rh1
Rxa2 40. Nh3 a5 41. Ke4 Bc5 42. Kd5 b6 43. f4 Kd7 44. Kc4 Ke6 45. Ng5+ Kf5 46.
Nf3 Kxf4 47. Nxh2 Kg3 48. Nf1+ Kf4 49. Rh7 Ra4+ 50. Kb3 Rb4+ 51. Ka2 Kf3 52.
Nd2+ Ke3 53. Nb1 Rf4 54. Rh3+ Rf3 55. Rh4 Kd3 56. Kb3 Bb4 57. Rh2 Kd4+ 58. Ka2
Kc4 59. Rh4+ Kb5 60. Rh5+ Ka6 61. Rh2 a4 62. Rh4 Rf2+ 63. Ka1 Ka5 64. Rh5+ b5
65. Rh3 Bc5 66. Rh4 b4 67. Rc4 Kb5 68. Rh4 Kc6 69. Rh6+ Kd5 70. Rh5+ Kc4 0-1

[Event "C.to Provinciale BG"]
[Site "Bergamo ITA"]
[Date "2004.10.22"]
[Round "3"]
[White "Gozzini, Giambattista"]
[Black "Begni, Carlo"]
[Result "0-1"]
[WhiteElo "1715"]
[BlackElo "1590"]
[PlyCount "129"]
[EventDate "2004.10.08"]

1. e4 c5 2. Nf3 Nc6 3. g3 g6 4. Bg2 Bg7 5. d3 e5 6. Be3 d6 7. c3 Bg4 8. Nbd2
Nge7 9. O-O O-O 10. h3 Be6 11. Ng5 Bd7 12. h4 f6 13. Nh3 Qc8 14. Kh2 Kh8 15.
Rc1 Ng8 16. d4 b6 17. dxc5 dxc5 18. Nc4 Be6 19. Qe2 Bxc4 20. Qxc4 Nh6 21. Bf3
Qc7 22. b4 Ng8 23. Rfd1 Rfd8 24. Qe2 Bh6 25. Bxh6 Nxh6 26. Qe3 Ng8 27. bxc5 Na5
28. cxb6 axb6 29. Be2 Nb7 30. Rxd8 Qxd8 31. Bc4 Qc7 32. Bd5 Ne7 33. Bxb7 Qxb7
34. Rb1 Ra6 35. Rb2 Qc7 36. Qd3 Ra7 37. Qb5 Nc8 38. Rd2 Ne7 39. Qb4 Kg7 40. Rb2
Nc8 41. Ng1 Qf7 42. c4 Rc7 43. Rc2 Rc5 44. Nf3 f5 45. Ng5 Qf6 46. Qd2 Rc7 47.
exf5 gxf5 48. Nh3 h6 49. Qe2 Nd6 50. Ng1 Ne4 51. Nf3 Rc5 52. Nd2 Nd6 53. Nb3
Rc7 54. c5 Ne4 55. cxb6 Rxc2 56. Qxc2 Qxb6 57. Kg2 Kg6 58. f3 Nd6 59. Qc5 Qa6
60. Qc2 e4 61. fxe4 Nxe4 62. Nd4 Nf6 63. Qxf5+ Kg7 64. Qc2 Qb7+ 65. Kh2 $138
0-1

[Event "C.to Provinciale BG"]
[Site "Bergamo ITA"]
[Date "2004.10.22"]
[Round "3"]
[White "Gualdi, Paolo"]
[Black "Riva, Carlo"]
[Result "0-1"]
[WhiteElo "1529"]
[BlackElo "1655"]
[PlyCount "104"]
[EventDate "2004.10.08"]

1. e4 c5 2. Nf3 d6 3. c3 Nf6 4. Bd3 g6 5. Bc2 Bg7 6. d4 cxd4 7. cxd4 O-O 8. O-O
Nc6 9. Nc3 Bg4 10. Be3 Nd7 11. h3 Bxf3 12. gxf3 e6 13. Nb5 Nb6 14. Bb3 a6 15.
Nc3 Qh4 16. Kh2 Na5 17. Qd2 Nbc4 18. Bxc4 Nxc4 19. Qe2 Nxe3 20. fxe3 f5 21. f4
Rac8 22. e5 d5 23. Rac1 Rc7 24. a4 Rfc8 25. Na2 Rxc1 26. Rxc1 Rxc1 27. Nxc1 Bf8
28. Nd3 Qd8 29. b4 Qb6 30. Qd2 Be7 31. Nc5 Bxc5 32. dxc5 Qc6 33. a5 Qb5 34. Kg3
Kg7 35. h4 Qf1 36. Qf2 Qd3 37. Qe1 d4 38. Kf3 Qe4+ 39. Kf2 dxe3+ 40. Qxe3 Qxb4
41. Kf3 Qxa5 42. c6 Qd5+ 43. Kg3 Qxc6 44. Qd3 Qd5 45. Qc3 Qc6 46. Qd3 Qc7 47.
Qb3 Kf7 48. h5 b5 49. hxg6+ hxg6 50. Kh4 Qd7 51. Qa3 Qe7+ 52. Kh3 Qxa3+ 0-1

[Event "C.to Provinciale BG"]
[Site "Bergamo ITA"]
[Date "2004.10.22"]
[Round "3"]
[White "Locatelli, Alberto"]
[Black "Gerali, Paolo"]
[Result "0-1"]
[WhiteElo "1580"]
[BlackElo "1611"]
[PlyCount "88"]
[EventDate "2004.10.08"]

1. e4 c5 2. Nc3 e6 3. Bc4 a6 4. a3 b5 5. Bb3 Bb7 6. Qe2 Nc6 7. Nf3 Be7 8. d3 d6
9. Bf4 Nf6 10. h3 Rc8 11. e5 dxe5 12. Bxe5 Nxe5 13. Nxe5 Nd5 14. Qf3 Bf6 15.
Bxd5 Bxd5 16. Nxd5 Bxe5 17. Nc3 Qa5 18. O-O O-O 19. Nd1 Rfd8 20. c3 Qc7 21. Re1
Rd5 22. c4 Rd7 23. a4 b4 24. Ra2 Rcd8 25. Re3 Bf4 26. Re4 Bh2+ 27. Kf1 Rxd3 28.
Ne3 Be5 29. Ra1 Bxb2 30. Rd1 Rxd1+ 31. Nxd1 Bf6 32. Re3 Qd7 33. Nb2 Bxb2 34. a5
Qd1+ 35. Qxd1 Rxd1+ 36. Re1 Rxe1+ 37. Kxe1 f5 38. Kd1 Kf7 39. Kc2 Bd4 40. f3 e5
41. Kb3 e4 42. fxe4 fxe4 43. Kc2 e3 44. Kd1 b3 0-1

[Event "C.to Provinciale BG"]
[Site "Bergamo ITA"]
[Date "2004.10.22"]
[Round "3"]
[White "Longo, Pietro"]
[Black "Canova, Luca"]
[Result "0-1"]
[WhiteElo "1757"]
[BlackElo "2047"]
[PlyCount "99"]
[EventDate "2004.10.08"]

1. e4 e5 2. Nf3 Nc6 3. Bb5 a6 4. Bxc6 dxc6 5. O-O Bg4 6. h3 h5 7. d3 Qe7 8. Re1
Bxf3 9. Qxf3 O-O-O 10. Nc3 g6 11. a3 Bh6 12. Bxh6 Nxh6 13. Qe3 g5 14. Rad1 g4
15. d4 exd4 16. Rxd4 Kb8 17. Rxd8+ Qxd8 18. Rd1 Qe7 19. Qd4 Rg8 20. hxg4 Nxg4
21. f3 Ne5 22. Kf1 Qg5 23. Qf2 Qf4 24. Ne2 Qh2 25. Qg1 Nxf3 26. Qxh2 Nxh2+ 27.
Kg1 Ng4 28. Rd3 Re8 29. Ng3 h4 30. Nf5 Rxe4 31. Rf3 Re1+ 32. Rf1 Re2 33. Rc1
Kc8 34. Nd4 Re4 35. Nf3 Ne5 36. Nxe5 Rxe5 37. Rf1 Re2 38. Rf2 Rxf2 39. Kxf2 f5
40. Ke3 Kd7 41. Kf4 Ke6 42. Kg5 Ke5 43. Kxh4 c5 44. g3 c4 45. Kg5 b5 46. c3 c5
47. Kh4 a5 48. Kg5 b4 49. a4 bxc3 50. bxc3 0-1

[Event "C.to Provinciale BG"]
[Site "Bergamo ITA"]
[Date "2004.10.22"]
[Round "3"]
[White "Mora, Lorenzo"]
[Black "Nasoni, Paolo"]
[Result "0-1"]
[WhiteElo "1865"]
[BlackElo "1865"]
[PlyCount "106"]
[EventDate "2004.10.08"]

1. d4 e6 2. c4 c5 3. d5 exd5 4. cxd5 d6 5. e4 g6 6. Nc3 Bg7 7. Nf3 Ne7 8. Bf4
a6 9. Be2 Bg4 10. O-O Bxf3 11. Bxf3 O-O 12. Re1 f6 13. Bg4 f5 14. exf5 Nxf5 15.
Re6 Bd4 16. Bxf5 Rxf5 17. Ne2 Be5 18. Bxe5 Rxe5 19. Rxe5 dxe5 20. d6 Nd7 21.
Qd5+ Kg7 22. f4 Qe8 23. Rf1 Rb8 24. fxe5 Qxe5 25. Qf7+ Kh8 26. Nf4 Rf8 27. Qe7
Qd4+ 28. Kh1 Rxf4 29. Qe8+ Kg7 30. Qxd7+ Kh6 31. Re1 Qf2 32. Qh3+ Rh4 33. Qc3
Rd4 34. Qh3+ Rh4 35. Qc3 Qd4 36. Qc1+ Qf4 37. Qxf4+ Rxf4 38. Rd1 Rf8 39. g3 Kg7
40. Kg2 Rd8 41. Kf3 Kf6 42. Ke4 Ke6 43. d7 Rxd7 44. Rxd7 Kxd7 45. Ke5 Kc6 46.
h4 b5 47. g4 a5 48. h5 gxh5 49. gxh5 c4 50. h6 Kc5 51. Kf6 b4 52. Kg7 c3 53.
bxc3 bxc3 0-1

[Event "C.to Provinciale BG"]
[Site "Bergamo ITA"]
[Date "2004.10.22"]
[Round "3"]
[White "Mora, Paolo"]
[Black "Scarpellini, Felice"]
[Result "1-0"]
[WhiteElo "2116"]
[BlackElo "1742"]
[PlyCount "93"]
[EventDate "2004.10.08"]

1. e4 d6 2. d4 g6 3. Nc3 Bg7 4. Nf3 c6 5. a4 a5 6. h3 Nd7 7. Be3 Qc7 8. Qd2 e5
9. Rd1 Ngf6 10. dxe5 dxe5 11. Bc4 O-O 12. O-O b6 13. Qd6 Ra7 14. Qa3 Ba6 15.
Bxa6 Rxa6 16. Qd6 Rc8 17. Qxc7 Rxc7 18. Nxe5 Ra8 19. Nc4 b5 20. Bf4 Rcc8 21.
Nd6 Rd8 22. axb5 cxb5 23. Ndxb5 Nc5 24. f3 Nh5 25. Bh2 Ne6 26. Rxd8+ Rxd8 27.
Rd1 Rxd1+ 28. Nxd1 Bf8 29. Bd6 Bg7 30. c3 Nhf4 31. Kf1 Bf6 32. Nc7 Bd8 33. Nxe6
Nxe6 34. Ke2 Bb6 35. Kd3 Kg7 36. Ne3 f6 37. Nd5 Bd8 38. c4 Kf7 39. c5 f5 40. c6
fxe4+ 41. fxe4 Ke8 42. c7 Nxc7 43. Bxc7 Bg5 44. Bxa5 Kd7 45. Kc4 Kc6 46. Bc3 h5
47. b4 1-0

[Event "C.to Provinciale BG"]
[Site "Bergamo ITA"]
[Date "2004.10.22"]
[Round "3"]
[White "Pezzotta, Gianfranco"]
[Black "Paulicelli, Domenico"]
[Result "0-1"]
[WhiteElo "1580"]
[BlackElo "1580"]
[PlyCount "110"]
[EventDate "2004.10.08"]

1. e4 c5 2. Bc4 e6 3. Nc3 d6 4. Nf3 Nc6 5. d3 Nf6 6. Bg5 Be7 7. Bb5 Qb6 8. Rb1
Bd7 9. O-O a6 10. Ba4 h6 11. Be3 Nd4 12. a3 Nxf3+ 13. Qxf3 Qc7 14. Bxd7+ Qxd7
15. b3 Qc7 16. a4 Rb8 17. h3 O-O 18. Qg3 Nh5 19. Qg4 Nf6 20. Qe2 d5 21. exd5
exd5 22. Qf3 d4 23. Bf4 Bd6 24. Bxd6 Qxd6 25. Ne4 Nxe4 26. dxe4 Rfe8 27. Qd3
Re6 28. f3 Qg3 29. Qd2 Rg6 30. Kh1 Re8 31. Qf2 Qe5 32. Ra1 Qf4 33. Rg1 Rd8 34.
g3 Qc7 35. Rad1 Rgd6 36. Qe2 Qd7 37. Kh2 d3 38. cxd3 Rxd3 39. Rxd3 Qxd3 40. Rg2
Qxe2 41. Rxe2 Rd3 42. f4 Rxb3 43. Rc2 b6 44. Rc4 Rb4 45. Rc3 Rxe4 46. Rb3 Rb4
47. Ra3 b5 48. axb5 axb5 49. Kg2 c4 50. Rc3 Rb3 51. Rc2 c3 52. Kf3 b4 53. Ke3
Rb2 54. Rc1 c2 55. Kd3 b3 0-1

[Event "C.to Provinciale BG"]
[Site "Bergamo ITA"]
[Date "2004.10.22"]
[Round "3"]
[White "Ranfagni, Stefano"]
[Black "Stefanelli, Alfredo"]
[Result "1-0"]
[WhiteElo "1859"]
[BlackElo "1772"]
[PlyCount "83"]
[EventDate "2004.10.08"]

1. c4 Nf6 2. Nc3 g6 3. g3 Bg7 4. Bg2 c6 5. d4 d5 6. cxd5 Nxd5 7. e4 Nxc3 8.
bxc3 Qa5 9. Bd2 e5 10. Ne2 Nd7 11. O-O O-O 12. d5 Qc7 13. c4 b6 14. Bb4 c5 15.
Bd2 Ba6 16. Qb3 Nf6 17. Nc3 Ne8 18. a4 Nd6 19. Nb5 Bxb5 20. axb5 f5 21. Rfe1
fxe4 22. Bxe4 Qf7 23. f3 Nxe4 24. Rxe4 Qxf3 25. Qxf3 Rxf3 26. Kg2 Rd3 27. Be3
Rc3 28. Ra2 h6 29. Kf2 Rb3 30. Ke2 Rb1 31. Kd3 Kf7 32. Bd2 Ke7 33. Bc3 Kd6 34.
Rf2 Rd1+ 35. Kc2 Rh1 36. Ree2 a5 37. Rf7 Bh8 38. Rh7 a4 39. Rxh8 Rxh8 40. Bxe5+
Kd7 41. Bxh8 a3 42. Kb3 1-0

[Event "C.to Provinciale BG"]
[Site "Bergamo ITA"]
[Date "2004.10.22"]
[Round "3"]
[White "Riggio, Mauro"]
[Black "Gazzetta, Marco"]
[Result "0-1"]
[WhiteElo "1829"]
[BlackElo "1631"]
[PlyCount "52"]
[EventDate "2004.10.08"]

1. e4 c5 2. Nf3 d6 3. Bb5+ Bd7 4. Qe2 a6 5. Bxd7+ Qxd7 6. a4 g6 7. Nc3 e6 8. d4
cxd4 9. Nxd4 Bg7 10. Be3 Nc6 11. Nb3 Nf6 12. Rd1 Qc7 13. O-O O-O 14. f4 Rad8
15. Qc4 Ng4 16. Bd4 Bxd4+ 17. Nxd4 Ne3 18. Qd3 Nxf1 19. Rxf1 Qb6 20. Rd1 e5 21.
fxe5 dxe5 22. Qh3 Rxd4 23. Rxd4 Qxd4+ 24. Kf1 Nb4 25. Qh6 Rd8 26. h4 Qd2 0-1

[Event "C.to Provinciale BG"]
[Site "Bergamo ITA"]
[Date "2004.10.22"]
[Round "3"]
[White "Trozzi, Ettore"]
[Black "Di Mauro, Valerio"]
[Result "0-1"]
[WhiteElo "1416"]
[BlackElo "1565"]
[PlyCount "54"]
[EventDate "2004.10.08"]

1. e4 c6 2. d4 d5 3. Nc3 dxe4 4. Nxe4 Nd7 5. Nf3 Ngf6 6. Nxf6+ Nxf6 7. Bc4 Bg4
8. h3 Bxf3 9. Qxf3 Qxd4 10. Qd3 Qe5+ 11. Qe3 Qc7 12. Bd2 e6 13. O-O-O Bd6 14.
f4 b5 15. Bb3 Nd5 16. Bxd5 cxd5 17. f5 Rc8 18. Qc3 Qxc3 19. Bxc3 exf5 20. Bxg7
Rg8 21. Rhe1+ Kd7 22. Be5 Kc6 23. Bd4 Rxg2 24. Bxa7 Ra8 25. Rxd5 Kxd5 26. Rd1+
Kc6 27. Bd4 Rxa2 0-1

[Event "C.to Provinciale BG"]
[Site "Bergamo ITA"]
[Date "2004.10.22"]
[Round "3"]
[White "Valsecchi, Alessio"]
[Black "Bassis, Ivano"]
[Result "1/2-1/2"]
[WhiteElo "1925"]
[BlackElo "1841"]
[PlyCount "160"]
[EventDate "2004.10.08"]

1. e4 d5 2. exd5 Qxd5 3. Nc3 Qa5 4. d4 Nf6 5. Bc4 c6 6. Nf3 Bf5 7. Bd2 e6 8.
O-O Qc7 9. Bb3 Nbd7 10. Qe2 Bd6 11. Rfe1 O-O-O 12. Rad1 Bg4 13. h3 Bh5 14. Bg5
h6 15. Bxf6 Nxf6 16. g4 Bg6 17. Ne5 Bxe5 18. dxe5 Nd5 19. Nxd5 exd5 20. f4 Be4
21. Qe3 b6 22. c4 Qe7 23. Rc1 c5 24. Red1 Qb7 25. cxd5 Bxd5 26. Bxd5 Rxd5 27.
Rxd5 Qxd5 28. b4 c4 29. e6 fxe6 30. Qc3 b5 31. Qxg7 Rd8 32. Qxa7 Qd4+ 33. Qxd4
Rxd4 34. f5 exf5 35. gxf5 Rf4 36. Rf1 Rd4 37. f6 Rd8 38. f7 Rf8 39. Rf5 Kd8 40.
Rd5+ Ke7 41. Rxb5 Rc8 42. Re5+ Kxf7 43. Re2 c3 44. Rc2 Ke6 45. Kf2 Kd5 46. Ke2
Kc4 47. Kd1 Kxb4 48. Rf2 Rc6 49. Kc2 Ka3 50. Rf4 Ra6 51. Kxc3 Kxa2 52. Rh4 Rc6+
53. Kd4 Kb3 54. Ke5 Kc3 55. Kf5 Kd3 56. Ra4 Ke3 57. Kg4 Kf2 58. h4 Ke3 59. Ra7
Ke4 60. Re7+ Kd5 61. Kf5 Kd4 62. Rg7 Kd5 63. h5 Re6 64. Rg1 Kd6 65. Ra1 Re5+
66. Kf6 Re6+ 67. Kg7 Ke5 68. Re1+ Kf5 69. Rg1 Re4 70. Kxh6 Rh4 71. Rg5+ Kf6 72.
Ra5 Rg4 73. Kh7 Kf7 74. h6 Kf8 75. Rf5+ Ke7 76. Kh8 Ke8 77. Rb5 Kf7 78. Rb7+
Kf8 79. h7 Rh4 80. Rb1 Rf4 1/2-1/2

[Event "C.to Provinciale BG"]
[Site "Bergamo ITA"]
[Date "2004.10.29"]
[Round "4"]
[White "Bassis, Ivano"]
[Black "Elsido, Massimo"]
[Result "1-0"]
[WhiteElo "1841"]
[BlackElo "1667"]
[PlyCount "97"]
[EventDate "2004.10.08"]

1. e4 e5 2. Nf3 Nc6 3. Bb5 a6 4. Bxc6 dxc6 5. O-O Bg4 6. h3 Bxf3 7. Qxf3 Qf6 8.
Qg3 Bd6 9. d3 h6 10. Be3 g5 11. Nd2 O-O-O 12. Nb3 Ne7 13. Nc5 Bxc5 14. Bxc5 Ng6
15. Rad1 Nf4 16. Qf3 Kb8 17. Be3 h5 18. Bxf4 gxf4 19. g3 Rdg8 20. Kh2 fxg3+ 21.
fxg3 Qg6 22. Rg1 Rg7 23. Rdf1 Rh6 24. Qf5 f6 25. Rf3 Qxf5 26. Rxf5 Rgg6 27.
Rgf1 Kc8 28. R1f3 Kd7 29. Kg2 Ke6 30. Kf2 Rg5 31. Rxg5 fxg5 32. Rf8 Rf6+ 33.
Rxf6+ Kxf6 34. b4 Ke6 35. Ke3 Kd6 36. d4 b6 37. Kd3 Ke6 38. c4 Kd6 39. g4 h4
40. c5+ Ke6 41. dxe5 Kxe5 42. Ke3 Ke6 43. Kd4 Kf6 44. e5+ Ke6 45. Ke4 a5 46.
bxa5 bxa5 47. a4 Kf7 48. Kf5 Ke7 49. e6 1-0

[Event "C.to Provinciale BG"]
[Site "Bergamo ITA"]
[Date "2004.10.29"]
[Round "4"]
[White "Begni, Carlo"]
[Black "Mangili, Riccardo"]
[Result "0-1"]
[WhiteElo "1590"]
[BlackElo "1599"]
[PlyCount "104"]
[EventDate "2004.10.08"]

1. e4 c5 2. Nf3 Nc6 3. c3 g6 4. Bb5 Bg7 5. d3 a6 6. Bxc6 bxc6 7. Be3 d6 8. h3
Nf6 9. O-O O-O 10. Nbd2 Nd7 11. Nh2 d5 12. exd5 cxd5 13. f4 Qb6 14. Rb1 d4 15.
cxd4 cxd4 16. Bf2 Bb7 17. Nc4 Qc7 18. Qd2 Rad8 19. Ng4 f5 20. Nh2 Qc6 21. Bg3
Ba8 22. Rbc1 Qd5 23. Nf3 Rfe8 24. Rfe1 Rb8 25. Bh4 Bf6 26. Bxf6 exf6 27. Rxe8+
Rxe8 28. Re1 Rxe1+ 29. Qxe1 Kf7 30. Qb4 Qc5 31. Qb3 Bd5 32. Qc2 Bxf3 33. gxf3
Kg7 34. h4 Qc7 35. Qd2 Nc5 36. Qe2 Kf7 37. Qd2 Ne6 38. Qb4 Nxf4 39. Nd6+ Ke6
40. Nc4 Nxd3 41. Qb6+ Qxb6 42. Nxb6 Nxb2 43. Kf1 g5 44. hxg5 fxg5 45. Na8 Ke5
46. Nb6 h5 47. Nd7+ Kf4 48. Kf2 d3 49. Ke1 Kxf3 50. Kd2 h4 51. Ne5+ Kg3 52. Ke3
h3 0-1

[Event "C.to Provinciale BG"]
[Site "Bergamo ITA"]
[Date "2004.10.29"]
[Round "4"]
[White "Biava, Pierluigi"]
[Black "Longo, Pietro"]
[Result "1/2-1/2"]
[WhiteElo "1679"]
[BlackElo "1757"]
[PlyCount "45"]
[EventDate "2004.10.08"]

1. e3 e5 2. d4 exd4 3. exd4 d5 4. Bd3 Bd6 5. Nf3 Nf6 6. Bg5 O-O 7. O-O h6 8.
Bh4 Bg4 9. h3 Bh5 10. c3 Nbd7 11. Nbd2 c5 12. Qc2 Qc7 13. dxc5 Bxc5 14. Kh1
Bxf3 15. Nxf3 Rfe8 16. Rfe1 Bd6 17. Nd4 a6 18. Nf5 Bf8 19. Bg3 Qc6 20. Qd2 Ne4
21. Bxe4 dxe4 22. Rad1 Rad8 23. Nd4 1/2-1/2

[Event "C.to Provinciale BG"]
[Site "Bergamo ITA"]
[Date "2004.10.29"]
[Round "4"]
[White "Canova, Luca"]
[Black "Valsecchi, Alessio"]
[Result "1-0"]
[WhiteElo "2047"]
[BlackElo "1925"]
[PlyCount "95"]
[EventDate "2004.10.08"]

1. e4 c5 2. Nf3 d6 3. d4 cxd4 4. Nxd4 Nf6 5. Nc3 g6 6. Be3 Nc6 7. Qd2 Ng4 8.
Nxc6 bxc6 9. Bd4 e5 10. Be3 Be6 11. Bg5 f6 12. Bh4 d5 13. h3 Nh6 14. exd5 cxd5
15. Bb5+ Kf7 16. Bc6 Rb8 17. Bxd5 Bxd5 18. Nxd5 g5 19. Bg3 Rxb2 20. O-O Nf5 21.
Qc3 Rb5 22. Nc7 Nxg3 23. Qc4+ Kg6 24. Nxb5 Nxf1 25. Rxf1 a6 26. Nc7 Qc8 27. Rd1
Be7 28. Qe4+ Kg7 29. Nd5 Rd8 30. c4 Bc5 31. Rb1 Bd4 32. Ne7 Qxc4 33. Nf5+ Kh8
34. Kh2 Qxa2 35. Rb7 Qxf2 36. Nxd4 Qf4+ 37. Qxf4 gxf4 38. Nf5 Kg8 39. Kg1 e4
40. Rg7+ Kh8 41. Rg4 f3 42. gxf3 exf3 43. Nh6 Rf8 44. Kf2 a5 45. Kxf3 f5 46.
Rg5 a4 47. Kf4 a3 48. Rg2 1-0

[Event "C.to Provinciale BG"]
[Site "Bergamo ITA"]
[Date "2004.10.29"]
[Round "4"]
[White "Elitropi, Giorgio"]
[Black "Fiorona, Gianpietro"]
[Result "1/2-1/2"]
[WhiteElo "1870"]
[BlackElo "1658"]
[PlyCount "37"]
[EventDate "2004.10.08"]

1. b3 e5 2. Bb2 Nc6 3. e3 d5 4. Bb5 Bd6 5. f4 Qe7 6. Nf3 Bg4 7. fxe5 Bxe5 8.
Bxe5 Bxf3 9. Qxf3 Qxe5 10. Nc3 Nf6 11. O-O O-O 12. Bxc6 bxc6 13. Qf4 Qe7 14.
Rae1 Rad8 15. Qg5 Qd6 16. Qf4 Qe7 17. Qa4 Qc5 18. Qd4 Qd6 19. Qf4 1/2-1/2